000 00919nam0a22002651 4500
001 rc\4553650
005 20130416184124.4
021 _aRU
_b[57-55264]
035 _a(NLR Aleph) 008365401
090 _a9024592
_c9024592
100 _a20130416d1957 |||y0rusy50 ca
101 0 _arus
102 _aRU
105 _aa z |||||
200 1 _aЛенин в Октябре
_eВоспоминания
_f[Подгот. А.П. Жуковской и Р.М. Савицкой]
_gИн-т марксизма-ленинизма при ЦК КПСС
210 _aМосква
_cГосполитиздат
_d1957
215 _a352 с., 7 л. ил.
_d21
702 1 _aСавицкая
_bР. М.
_4570
702 1 _aЛенин
_bВ. И.
_gВладимир Ильич
_4570
702 1 _aЖуковская
_bА. П.
_4570
801 0 _aRU
_bNLR
_gpsbo
801 1 _aRU
_bELAR
_2rusmarc
852 _aNLR
_j57-3/4339
942 _cBOOK
980 _aNB